Vycházet z reálné situace Slovensko

Rozhovor s J. Trojákom o programe oživenia slovenskej ekonomiky. Realizácia niektorých zásad programu. Predpokladaný budúci vývoj HDP, miery nezamestnanosti a inflácie. Hodnotenie činnosti slovenských podnikov v r. 1994. Riešenie problému vysokej platobnej neschopnosti. Vzťah vlády a Národnej banky...

Descrizione completa

Salvato in:
Dettagli Bibliografici
Autore principale: Troják, J.
Altri autori: Zábojníková, M.
Natura: Capitolo di libro
Lingua:ceco
Soggetti:
Tags: Aggiungi Tag
Nessun Tag, puoi essere il primo ad aggiungerne!!

MARC

LEADER 00000naa a2200000 4500
001 r016470
005 20221208130833.8
041 0 |a cze 
044 |a CZ 
245 1 0 |a Vycházet z reálné situace  |b Slovensko  |c J. Troják, M. Zábojníková 
520 |a Rozhovor s J. Trojákom o programe oživenia slovenskej ekonomiky. Realizácia niektorých zásad programu. Predpokladaný budúci vývoj HDP, miery nezamestnanosti a inflácie. Hodnotenie činnosti slovenských podnikov v r. 1994. Riešenie problému vysokej platobnej neschopnosti. Vzťah vlády a Národnej banky Slovenska. Funkcia finančno-ekonomických a bankovo-menových nástrojov v procese oživenia slovenskej ekonomiky. 
610 2 0 |a hospodárstvo národné 
610 2 0 |a oživenie 
610 2 0 |a Slovensko 
610 2 0 |a produkt domáci hrubý 
610 2 0 |a nezamestnanosť 
610 2 0 |a inflácia 
610 2 0 |a podnik 
610 2 0 |a insolventnosť 
610 2 0 |a vláda 
610 2 0 |a NBS Bratislava 
100 1 |a Troják, J. 
700 1 |a Zábojníková, M.